000 00554cab a2200229 4500
001 ##ABS52853
008 090401t1995 xxu||||| |||| 00| 0 eng d
035 _a(Sirsi) u468
041 0 _aeng
245 0 0 _aMarket report
_bInner London
260 _c1995
350 _a0
490 0 _aProperty Week
_v51(6) 11 May 1995, 32-43(7)
650 2 4 _aRPG3
651 4 _aCAMDEN
651 4 _aCHELSEA
651 4 _aHACKNEY
651 4 _aKENSINGTON
690 _aPROPERTY-COMMERCIAL PROPERTY-COMMERCIAL PROPERTY MARKET
942 _n0
948 _c04/03/1997
999 _c202
_d202